Statistics for Title in the Lyrics - Hair Band Songs

Click here to take the quiz!

General Stats

  • This quiz has been taken 17,021 times
    (16,908 since last reset)
  • The average score is 7 of 15

Answer Stats

Lyric % Correct
Take me down to the {Paradise} {City} / Where the grass is green and the girls are pretty
90%
Shot through the heart / And you're to blame / Darling, {You} {Give} {Love} {a} {Bad} {Name}
81%
I wanna {Rock} {And} {Roll} {All} {Nite} / and party every day
74%
{Every} {Rose} {Has} {Its} {Thorn} / Just like every night has its dawn /
Just like every cowboy sings a sad, sad song
65%
Oh {We}'{re} {Not} {Gonna} {Take} {It} / No! We ain't gonna take it
61%
She's my {Cherry} {Pie} / Cool drink of water such a sweet surprise / Taste so good make a grown man cry
55%
{It}'{s} {My} {Life} / And it's now or never, I ain't gonna live forever
54%
{Here} {I} {Go} {Again} on my own / Goin' down the only road I've ever known /
Like a drifter I was born to walk alone
53%
But then my homework was never quite like this / Got it bad, got it bad, got it bad / I'm {Hot} {For} {Teacher}
44%
He's the one they call {Dr}. {Feelgood} / He's the one that makes ya feel all right
35%
As long as I'm the hero of this little girl, {Heaven} is not too far away / Closer to it every day
35%
Break the bubble, break it up / {Pour} {Some} {Sugar} {On} {Me} / Ooh, in the name of love
27%
With love we'll find a way just give it time / {Round} {And} {Round} / What goes around comes around
13%
Last night was shakin' and pretty loud / Here I am, {Rock} {You} {Like} {a} {Hurricane}
12%
{Sister} {Christian} / Oh the time has come / And you know that you're the only one / To say O.K.
12%

Score Distribution

Percentile by Number Answered

Percent of People with Each Score

Your Score History

You have not taken this quiz since the last reset